Famosos por sus apellidos! - Estadísticas

Estadísticas generales
  • Esta prueba ha sido intentada 233 veces
  • La puntuación promedio es 41 de 50
Estadísticas de respuestas
Apellido Nombre % Correcto
Ronaldo Cristiano
99%
Pitt Brad
97%
Da Vinci Leonardo
97%
Obama Barack
94%
Bieber Justin
94%
DiCaprio Leonardo
94%
Colón Cristóbal
93%
Kardashian Kim
93%
Swift Taylor
93%
Banderas Antonio
92%
Beckham David
92%
Casillas Iker
92%
Jackson Michael
92%
Mandela Nelson
92%
Picasso Pablo
92%
Einstein Albert
89%
Gates Bill
89%
Hitler Adolf
88%
Mercury Freddie
88%
Cruise Tom
88%
Messi Lionel
87%
Franco Francisco
86%
Shakespeare William
86%
Cyrus Miley
85%
Presley Elvis
84%
Clooney George
84%
Armstrong Neil
84%
Hanks Tom
84%
Smith Will
83%
Spears Britney
82%
Gasol Pau
82%
Newton Isaac
81%
Llanos Ibai
79%
Monroe Marilyn
79%
Thunberg Greta
76%
Depp Johnny
76%
Perry Katy
74%
Freeman Morgan
74%
Mbappe Kylian
73%
Schwarzenegger Arnold
72%
Marx Karl
72%
Phelps Michael
72%
Dogg Snoop
72%
Bryant Kobe
71%
Springsteen Bruce
64%
Curry Stephen
62%
Gandhi Mahatma
57%
James Lebron
54%
Bale Christian
50%
Jenner Kendall
48%
No se encontraron pruebas coincidentes
Distribución de puntuación
Porcentaje de gente con cada puntuación
Porcentaje por número respondido
Historial de tus puntuaciones
No has intentado esta prueba.